E`tude sur la technique de production des semencse du riz de saison se`che du projet s'aqip dans la province de takeo. (Record no. 1580)

000 -LEADER
fixed length control field 00477nam a22001577a 4500
003 - CONTROL NUMBER IDENTIFIER
control field OSt
005 - DATE AND TIME OF LATEST TRANSACTION
control field 20151001132058.0
008 - FIXED-LENGTH DATA ELEMENTS--GENERAL INFORMATION
fixed length control field 151001b xxu||||| |||| 00| 0 eng d
040 ## - CATALOGING SOURCE
Transcribing agency RUA
082 ## - DEWEY DECIMAL CLASSIFICATION NUMBER
Classification number AGR OUM 2005 B062 Or.1
100 ## - MAIN ENTRY--PERSONAL NAME
9 (RLIN) 1678
Personal name RUM, PHOEUN.
245 ## - TITLE STATEMENT
Title E`tude sur la technique de production des semencse du riz de saison se`che du projet s'aqip dans la province de takeo.
260 ## - PUBLICATION, DISTRIBUTION, ETC. (IMPRINT)
Place of publication, distribution, etc. phnom phen
Name of publisher, distributor, etc. RUA
Date of publication, distribution, etc. 2005
300 ## - PHYSICAL DESCRIPTION
Extent 52p.
Other physical details ill.
Dimensions 29cm.
942 ## - ADDED ENTRY ELEMENTS (KOHA)
Source of classification or shelving scheme
Koha item type AGR
Holdings
Price effective from Date last seen Permanent Location Not for loan Date acquired Source of classification or shelving scheme Koha item type Barcode Lost status Damaged status Shelving location Withdrawn status Current Location Full call number
2015-10-012015-10-01Library Block B 2015-10-01 AGRrua003390  B062 Library Block BAGR OUM 2005 B062 Or.1
2015-10-012015-10-01Library Block B 2015-10-01 AGRrua003035  B062 Library Block BAGR OUM 2005 B062 Or.2
2015-10-012015-10-01Library Block B 2015-10-01 AGRrua003461  B062 Library Block BAGR OUM 2005 B062 Or.3
2015-10-012015-10-01Library Block B 2015-10-01 AGRrua003460  B062 Library Block BAGR OUM 2005 B062 Or.4
2015-10-012015-10-01Library Block B 2015-10-01 AGRrua003043  B062 Library Block BAGR OUM 2005 B062 Or.5
2015-10-012015-10-01Library Block B 2015-10-01 AGRrua003532  B062 Library Block BAGR OUM 2005 B062 Or.6
មជ្ឈមណ្ឌលឯការនៃសាកលវិទ្យាល័យភូមិន្ទកសិកម្មចំការដូង

Powered by Koha